La Naturaleza y sus recursos: la gestión del medio ambiente costero

Kaydedildi:
Detaylı Bibliyografya
Müşterek Yazar: UNESCO
Materyal Türü: Metin
Baskı/Yayın Bilgisi: New Yersey: UNESCO
Etiketler: Etiketle
Etiket eklenmemiş, İlk siz ekleyin!

MARC

LEADER 00000 a a2200000 04500
001 23927
003
040
090 |a 169100  
110 |a UNESCO  
245 |a La Naturaleza y sus recursos: la gestión del medio ambiente costero  
260 |a New Yersey:   |b UNESCO  
300 |a 48 p.   |b fonodiscos  
999 |c 16861  |d 16861